000 00348nam a2200133Ia 4500
008 240624s9999 xx 000 0 und d
041 _aeng
082 _a332.6068 MUL
100 _aMULLEN DAVID J
245 _aMILLION DOLLAR FINANCIAL ADVISOR TEAM BE
260 _c2018
_aNew York
_bHarper Collins
300 _ax, 292 p.; 23 cm.
365 _c
_b35
999 _c31625
_d31625